000 00249 a2200085 4500
082 _a304.6095491 POP
245 _aPopulation and Housing Census of Pakistan
260 _aPakistan :
_bPopulation Census Organization,
_c1998
300 _a24p. :
_c29 cm
650 _aPopulation -- Census
999 _c780
_d780